000 00900nam a2200289 i 4500
001 000046802
003 DO-SdBNP
005 20240606111542.0
007 ta
008 180326s2017 dr 001 0 spa d
020 _a9789945586879
040 _aDO-SdBNP
_bspa
_cBNPHU
_erda
082 _bM553m
_222
100 1 _aMercedes, Teódulo Antonio
_974757
_eautor
245 1 0 _aMinería Dominicana :
_bdesarrollo irracional /
_cTeódulo Antonio Mercedes.
264 1 _aSanto Domingo, :
_bArchivo General de la Nación,
_c2017.
300 _a698 páginas
_c24 cm.
336 _2rdacontent
_atexto
_btxt
337 _2rdamedia
_asin mediación
_bn
338 _2rdacarrier
_avolumen
_bnc
490 1 _aArchivo General de la Nación
_v290
500 _aIncluye índice onomástico
504 _aBibliografía p: 673-674
590 _aInventariado, 2018/ YL
910 _aYLockward
942 _2ddc
_cLBS1
999 _c46291
_d46291